Redipom má zefektívniť systém potravinovej pomoci
Národný projekt Redipom má vytvoriť návrh jednotného systému redistribúcie potravinovej pomoci, ktorý dosiaľ na SR chýba. Prepojiť by mal pestovateľov, spracovateľov a predajcov potravín s organizáciami, ktoré pracujú s ľuďmi v núdzi.
Gespeichert in:
| Format: | Buchkapitel |
|---|---|
| Sprache: | Slowakisch |
| Schlagworte: | |
| Tags: |
Keine Tags, Fügen Sie das erste Tag hinzu!
|
MARC
| LEADER | 00000naa a2200000 4500 | ||
|---|---|---|---|
| 001 | 0311636 | ||
| 005 | 20250722080230.9 | ||
| 041 | 0 | |a slo | |
| 044 | |a SK | ||
| 245 | 1 | 0 | |a Redipom má zefektívniť systém potravinovej pomoci |
| 520 | |a Národný projekt Redipom má vytvoriť návrh jednotného systému redistribúcie potravinovej pomoci, ktorý dosiaľ na SR chýba. Prepojiť by mal pestovateľov, spracovateľov a predajcov potravín s organizáciami, ktoré pracujú s ľuďmi v núdzi. | ||
| 610 | 2 | 0 | |a bezpečnosť potravinová |
| 610 | 2 | 0 | |a pomoc humanitárna |
| 610 | 2 | 0 | |a hlad |
| 610 | 2 | 0 | |a chudoba |
| 610 | 2 | 0 | |a projekty |